[Event "Ceske sachove vanoce 2013"]
[Site "Litomysl"]
[Date "2013.12.26"]
[Round "1.1"]
[White "Kislinsky, Alexey"]
[Black "Bradac, Roman"]
[Result "1-0"]
[WhiteElo "2504"]
[BlackElo "2028"]
[PlyCount "63"]
[EventDate "2013.??.??"]

1. e4 c5 2. c3 g6 3. d4 cxd4 4. cxd4 d5 5. Nc3 dxe4 6. Bc4 Nf6 7. Qb3 e6 8. d5
exd5 9. Nxd5 Bg7 10. Bg5 O-O 11. Rd1 Qa5+ 12. Bd2 Qd8 13. Bb4 Nxd5 14. Bxd5 Nd7
15. Ne2 a5 16. Bxf8 Qxf8 17. O-O Nc5 18. Qc2 Bf5 19. Ng3 Rc8 20. Nxf5 gxf5 21.
Qe2 Rc7 22. b3 Nd3 23. Rxd3 exd3 24. Qxd3 Qc8 25. Bc4 a4 26. g3 axb3 27. axb3
Re7 28. Qf3 Bd4 29. Rd1 Be5 30. Rd5 Kg7 31. Qh5 f6 32. Rxe5 1-0

[Event "Ceske sachove vanoce 2013"]
[Site "Litomysl"]
[Date "2013.12.26"]
[Round "1.2"]
[White "Stehlik, Jiri"]
[Black "Plat, Vojtech"]
[Result "0-1"]
[WhiteElo "2012"]
[BlackElo "2470"]
[PlyCount "70"]
[EventDate "2013.??.??"]

1. c4 e5 2. g3 d6 3. Bg2 f5 4. Nc3 Nf6 5. d3 c6 6. Nf3 Be7 7. O-O Na6 8. Rb1
O-O 9. b4 Nc7 10. b5 Bd7 11. Bd2 Qe8 12. a4 Ne6 13. Ne1 f4 14. e3 fxe3 15. Bxe3
Qg6 16. bxc6 Bxc6 17. Nd5 Bd8 18. Nxf6+ Bxf6 19. h4 Bd8 20. Kh2 Bb6 21. Qd2
Bxe3 22. fxe3 Nc5 23. Rxf8+ Rxf8 24. a5 Bxg2 25. Kxg2 Ne4 26. dxe4 Qxe4+ 27.
Kh3 Qxb1 28. Qd5+ Rf7 29. Nd3 Qf1+ 30. Kh2 Qe2+ 31. Kh3 Qf3 32. Qxd6 Qh1+ 33.
Kg4 h5+ 34. Kxh5 Qf3+ 35. g4 Rf5+ 0-1

[Event "Ceske sachove vanoce 2013"]
[Site "Litomysl"]
[Date "2013.12.26"]
[Round "1.3"]
[White "Petenyi, Tamas"]
[Black "Krupa, Krzysztof"]
[Result "1-0"]
[WhiteElo "2469"]
[BlackElo "2008"]
[PlyCount "85"]
[EventDate "2013.??.??"]

1. e4 e5 2. Nf3 Nc6 3. Bb5 Bc5 4. c3 Qf6 5. d3 h6 6. Be3 Bb6 7. Bxc6 bxc6 8. d4
d6 9. Qa4 Ne7 10. dxe5 dxe5 11. Nbd2 O-O 12. Nc4 Ng6 13. h3 Be6 14. Qxc6 Rad8
15. O-O Nf4 16. Bxf4 Qxf4 17. Nxb6 axb6 18. Qb5 c5 19. Qe2 Rd7 20. b3 Rfd8 21.
g3 Qf6 22. Kg2 Rd3 23. Rad1 c4 24. b4 g5 25. Rxd3 Rxd3 26. Ne1 Rd6 27. Nc2 Qd8
28. Ne3 Qd7 29. Qh5 Kg7 30. Rh1 Qc6 31. Qf3 Rd3 32. Rd1 Qd7 33. g4 h5 34. gxh5
Rxd1 35. Qxd1 Bxh3+ 36. Kg3 Qxd1 37. Nxd1 Bd7 38. Ne3 b5 39. Ng4 f6 40. h6+ Kg6
41. h7 Kg7 42. Nxf6 Bc6 43. f3 1-0

[Event "Ceske sachove vanoce 2013"]
[Site "Litomysl"]
[Date "2013.12.26"]
[Round "1.4"]
[White "Malinovsky, Petr"]
[Black "Chojnacki, Krzysztof"]
[Result "0-1"]
[WhiteElo "2008"]
[BlackElo "2405"]
[PlyCount "76"]
[EventDate "2013.??.??"]

1. d4 Nf6 2. c4 g6 3. Nc3 Bg7 4. e4 d6 5. f3 O-O 6. Be3 a6 7. Nge2 c6 8. g4 b5
9. Ng3 bxc4 10. Bxc4 d5 11. Bb3 dxe4 12. Ngxe4 Nd5 13. Bxd5 cxd5 14. Ng3 Nc6
15. Rg1 e5 16. Nce2 exd4 17. Bf4 Re8 18. Kf1 a5 19. Kg2 Ba6 20. Kh1 Nb4 21. Qd2
d3 22. Nc3 Nc2 23. Raf1 d4 24. Nce4 Ne3 25. Bxe3 dxe3 26. Qxe3 Bxb2 27. Nf5
gxf5 28. gxf5+ Kh8 29. Qh6 Rxe4 30. fxe4 Qf6 31. Qh5 Bd4 32. Rg4 Rg8 33. Rxg8+
Kxg8 34. Rf3 d2 35. Rg3+ Kf8 36. Qg4 Bf2 37. Kg2 Bxg3 38. hxg3 Qd4 0-1

[Event "Ceske sachove vanoce 2013"]
[Site "Litomysl"]
[Date "2013.12.26"]
[Round "1.5"]
[White "Golubka, Petr"]
[Black "Gratze, Michael"]
[Result "1-0"]
[WhiteElo "2385"]
[BlackElo "1991"]
[PlyCount "51"]
[EventDate "2013.??.??"]

1. e4 c5 2. Nf3 d6 3. d4 cxd4 4. Nxd4 Nf6 5. Nc3 g6 6. Be3 Bg7 7. f3 O-O 8. Qd2
Nc6 9. g4 Bxg4 10. fxg4 Nxg4 11. Nb3 a5 12. a4 Nb4 13. O-O-O Rc8 14. Kb1 Qd7
15. Bd4 Bh6 16. Qe2 e5 17. Bc5 Rc6 18. Bh3 f5 19. exf5 gxf5 20. Bxg4 fxg4 21.
Ne4 Rf3 22. Nxa5 Rxc5 23. Nxc5 Qf7 24. Ncb3 b6 25. Nc4 Rxb3 26. Qxg4+ 1-0

[Event "Ceske sachove vanoce 2013"]
[Site "Litomysl"]
[Date "2013.12.26"]
[Round "1.6"]
[White "Kotva, Milan"]
[Black "Mueller, Fabian"]
[Result "0-1"]
[WhiteElo "1990"]
[BlackElo "2356"]
[PlyCount "64"]
[EventDate "2013.??.??"]

1. e4 c5 2. Nf3 e6 3. c3 Nf6 4. e5 Nd5 5. d4 cxd4 6. Qxd4 Nc6 7. Qe4 f5 8. exf6
Nxf6 9. Qc2 d5 10. Be2 Bd6 11. O-O O-O 12. Bg5 Qc7 13. Nbd2 e5 14. g3 h6 15.
Bxf6 Rxf6 16. Ne1 Bh3 17. Qd3 Qf7 18. Ng2 Rf8 19. f3 Bf5 20. Qb5 a6 21. Qa4 b5
22. Qd1 Bh3 23. b4 Ne7 24. a4 Nf5 25. Qb3 Bxg2 26. Kxg2 Ne3+ 27. Kh1 Nxf1 28.
Bxf1 e4 29. fxe4 Rf2 30. Qd1 dxe4 31. axb5 axb5 32. Qe1 Bxg3 0-1

[Event "Ceske sachove vanoce 2013"]
[Site "Litomysl"]
[Date "2013.12.26"]
[Round "1.7"]
[White "Mishuchkov, Nikolai M"]
[Black "Ptacek, Tomas"]
[Result "1-0"]
[WhiteElo "2353"]
[BlackElo "1990"]
[PlyCount "101"]
[EventDate "2013.??.??"]

1. Nf3 d5 2. d4 e6 3. c4 Nf6 4. e3 Be7 5. Nc3 O-O 6. Bd3 b6 7. O-O Bb7 8. b3
Nbd7 9. Bb2 c5 10. Qe2 Rc8 11. Rad1 Ne4 12. cxd5 exd5 13. dxc5 bxc5 14. Bxe4
dxe4 15. Ne5 Nxe5 16. Rxd8 Rfxd8 17. Na4 Nd3 18. Qg4 Nxb2 19. Nxb2 Bd5 20. Nc4
g6 21. Rd1 Kg7 22. h3 h5 23. Qe2 Be6 24. Rxd8 Rxd8 25. Qc2 Rd3 26. Ne5 Rd5 27.
Nc4 Bf6 28. Qxe4 Rg5 29. Qf3 Bd5 30. e4 Bxc4 31. bxc4 Bd4 32. Qb3 Re5 33. Qb7
Re6 34. Qxa7 Rxe4 35. Kf1 Bc3 36. f3 Rxc4 37. g4 hxg4 38. hxg4 Bb4 39. a3 Rc1+
40. Ke2 Rc2+ 41. Kd1 Ra2 42. a4 Kf6 43. Qd7 Ra1+ 44. Kc2 Ra2+ 45. Kb3 Rd2 46.
Qc7 Ke6 47. a5 Rd3+ 48. Kc4 Rd7 49. Qc6+ Rd6 50. Qe8+ Kf6 51. g5+ 1-0

[Event "Ceske sachove vanoce 2013"]
[Site "Litomysl"]
[Date "2013.12.26"]
[Round "1.8"]
[White "Tejkal, Jiri"]
[Black "Kulhanek, Tomas"]
[Result "0-1"]
[WhiteElo "1970"]
[BlackElo "2345"]
[PlyCount "66"]
[EventDate "2013.??.??"]

1. d4 d6 2. Nf3 Bg4 3. c4 Bxf3 4. exf3 c6 5. Nc3 g6 6. Be3 Bg7 7. Be2 e6 8. O-O
d5 9. cxd5 exd5 10. Qd2 Ne7 11. Bh6 Bxh6 12. Qxh6 Nf5 13. Qd2 O-O 14. Rfd1 Re8
15. b4 a6 16. a4 Nd7 17. Rab1 Nf8 18. Bf1 Ne6 19. Ne2 Qf6 20. Rb3 Re7 21. Rd3
Nd6 22. Rb3 Rae8 23. Nc3 b5 24. axb5 axb5 25. Ra3 Nc4 26. Bxc4 bxc4 27. b5 Nxd4
28. bxc6 Qxc6 29. h3 Qc5 30. Ra4 Ne2+ 31. Nxe2 Rxe2 32. Qd4 Qxd4 33. Rxd4 c3
0-1

[Event "Ceske sachove vanoce 2013"]
[Site "Litomysl"]
[Date "2013.12.26"]
[Round "1.9"]
[White "Cerveny, Martin"]
[Black "Melichar, Vojtech"]
[Result "1-0"]
[WhiteElo "2334"]
[BlackElo "1950"]
[PlyCount "97"]
[EventDate "2013.??.??"]

1. d4 Nf6 2. c4 g6 3. Nc3 Bg7 4. g3 O-O 5. Bg2 d6 6. Nf3 Nbd7 7. O-O e5 8. b3
exd4 9. Nxd4 c6 10. Bb2 a5 11. Qd2 Nc5 12. Rad1 Qe7 13. Ba3 Re8 14. Rfe1 Nfd7
15. h3 Qe5 16. e3 Qh5 17. Nde2 Bf8 18. Nf4 Qh6 19. Bb2 Ne5 20. g4 f5 21. f3 g5
22. Nh5 Ncd3 23. Rf1 Nxb2 24. Qxb2 Qe6 25. Ne2 fxg4 26. hxg4 Nd7 27. Rd3 Nc5
28. Nf6+ Kf7 29. Nxe8 Nxd3 30. Qd2 Kxe8 31. Qxd3 Qg6 32. Qd2 Kf7 33. Ng3 Kg8
34. Nh5 Bg7 35. Nxg7 Kxg7 36. a4 Qe6 37. Rd1 Bd7 38. Qxd6 Qxe3+ 39. Kf1 Bxg4
40. Re1 Qxb3 41. Qe7+ Kg8 42. Qxg5+ Kh8 43. Qxg4 Qb2 44. Qf5 Qa2 45. Qf6+ Kg8
46. Re4 Qb1+ 47. Kf2 Qc2+ 48. Kg3 Qxg2+ 49. Kxg2 1-0

[Event "Ceske sachove vanoce 2013"]
[Site "Litomysl"]
[Date "2013.12.27"]
[Round "2.1"]
[White "Kowalczyk, Pawel"]
[Black "Kislinsky, Alexey"]
[Result "0-1"]
[WhiteElo "2189"]
[BlackElo "2504"]
[PlyCount "78"]
[EventDate "2013.??.??"]

1. e4 c5 2. Nf3 Nc6 3. d4 cxd4 4. Nxd4 g6 5. c4 d6 6. Nc3 Bg7 7. Be3 Nf6 8. Be2
O-O 9. O-O Bd7 10. f4 Rc8 11. Rc1 a6 12. f5 Ne5 13. b3 b5 14. cxb5 axb5 15.
Ndxb5 Bxb5 16. Nxb5 Qa5 17. Rxc8 Rxc8 18. Qb1 Nfg4 19. b4 Qa8 20. Bd4 Bh6 21.
fxg6 hxg6 22. Qb3 Rf8 23. h3 Nf6 24. Nxd6 exd6 25. Bxe5 Qa7+ 26. Kh1 Nxe4 27.
Ba1 d5 28. Qf3 f5 29. a3 Be3 30. Bd3 Nf2+ 31. Kh2 Kh7 32. Qxd5 Qe7 33. Bc4 Kh6
34. Qe6 Qg5 35. g3 f4 36. g4 f3 37. Be5 Bf4+ 38. Kg1 Nxh3+ 39. Kh1 Bxe5 0-1

[Event "Ceske sachove vanoce 2013"]
[Site "Litomysl"]
[Date "2013.12.27"]
[Round "2.2"]
[White "Plat, Vojtech"]
[Black "Kubik, Michael"]
[Result "1/2-1/2"]
[WhiteElo "2470"]
[BlackElo "2187"]
[PlyCount "135"]
[EventDate "2013.??.??"]

1. d4 c5 2. Nf3 Nf6 3. g3 g6 4. Bg2 Bg7 5. O-O cxd4 6. Qxd4 O-O 7. Qh4 Nc6 8.
Nc3 Qa5 9. Ng5 h6 10. Nge4 Nxe4 11. Nxe4 d5 12. Bd2 Qa6 13. Nc3 g5 14. Qh5 Ne5
15. h3 Bf5 16. e3 e6 17. Rfc1 Nc4 18. Bf1 Qc6 19. Be1 Nxb2 20. Nb5 Bg6 21. Qg4
Nc4 22. Nd4 Qc7 23. Rab1 a6 24. a4 Rac8 25. Bxc4 dxc4 26. a5 c3 27. Rb6 Qc5 28.
Ra1 Qd5 29. Rb3 Bxc2 30. Rxc3 Be4 31. Rxc8 Rxc8 32. Rd1 Rd8 33. Rd2 Rc8 34. Rd1
Bxd4 35. Rxd4 Bf3 36. Rxd5 Bxg4 37. Rd7 Bf3 38. Bd2 Rc2 39. g4 Kg7 40. Kh2 Bd5
41. Be1 Rc1 42. Bb4 Rh1+ 43. Kg3 Rg1+ 44. Kh2 Rg2+ 45. Kh1 Bf3 46. Bc3+ Kg6 47.
Rd8 Rxg4+ 48. Kh2 Rg2+ 49. Kh1 Rxf2+ 50. Kg1 Rc2 51. Rg8+ Kf5 52. Bg7 h5 53.
Rf8 Ke4 54. Bh6 Rg2+ 55. Kf1 f5 56. Re8 Kxe3 57. Rxe6+ Kf4 58. h4 Ra2 59. hxg5
Kg3 60. Ke1 Bd5 61. Re5 Be4 62. g6 Rg2 63. g7 Kf3 64. Re8 Bd5 65. Re5 Be4 66.
Re8 Bd5 67. Re5 Be4 68. Re8 1/2-1/2

[Event "Ceske sachove vanoce 2013"]
[Site "Litomysl"]
[Date "2013.12.27"]
[Round "2.3"]
[White "Seidl, Stepan"]
[Black "Petenyi, Tamas"]
[Result "0-1"]
[WhiteElo "2178"]
[BlackElo "2469"]
[PlyCount "74"]
[EventDate "2013.??.??"]

1. e4 g6 2. d4 Bg7 3. Nf3 d6 4. Nc3 c6 5. a4 Nf6 6. h3 O-O 7. Be3 Qc7 8. Be2 e5
9. dxe5 dxe5 10. O-O a5 11. Qc1 Nbd7 12. Bc4 b6 13. Re1 Ba6 14. Ba2 Rad8 15.
Nh2 Nh5 16. g3 Kh8 17. Bh6 Nc5 18. Bxg7+ Nxg7 19. Ng4 f6 20. Rd1 Rxd1+ 21. Qxd1
Nge6 22. Bxe6 Nxe6 23. Nh2 Qe7 24. Nf3 Rd8 25. Qe1 Nd4 26. Nxd4 exd4 27. Nb1
Qe6 28. Kh2 Bc8 29. h4 g5 30. hxg5 fxg5 31. f3 Rd6 32. Kg1 Qc4 33. Na3 Qf7 34.
Qd2 Qxf3 35. Qxg5 Bh3 36. Qe5+ Rf6 37. Qe8+ Kg7 0-1

[Event "Ceske sachove vanoce 2013"]
[Site "Litomysl"]
[Date "2013.12.27"]
[Round "2.4"]
[White "Chojnacki, Krzysztof"]
[Black "Haman, Jakub"]
[Result "1-0"]
[WhiteElo "2405"]
[BlackElo "2176"]
[PlyCount "77"]
[EventDate "2013.??.??"]

1. d4 d5 2. c4 dxc4 3. e3 Nf6 4. Bxc4 e6 5. Nf3 a6 6. O-O b5 7. Bb3 Be7 8. Qe2
Bb7 9. a4 Nbd7 10. Nbd2 O-O 11. Rd1 b4 12. a5 c5 13. Bc4 cxd4 14. exd4 Nd5 15.
Nb3 Qc7 16. Bd2 Qc6 17. Bd3 Rac8 18. Qe4 N5f6 19. Qxc6 Rxc6 20. Bg5 h6 21. Bh4
g5 22. Bg3 Nd5 23. Nfd2 Rfc8 24. Re1 N7f6 25. Ne4 Nxe4 26. Bxe4 Rc4 27. Bd3
R4c6 28. f3 Ba8 29. Rad1 Kf8 30. Nc5 Bxc5 31. dxc5 Nf4 32. Bf2 Nxd3 33. Rxd3
R6c7 34. Bg3 Rb7 35. Rd6 Ra7 36. Rb6 Ke8 37. Bd6 Bd5 38. Rxb4 Rb7 39. Rb6 1-0

[Event "Ceske sachove vanoce 2013"]
[Site "Litomysl"]
[Date "2013.12.27"]
[Round "2.5"]
[White "Gazik, Viktor"]
[Black "Golubka, Petr"]
[Result "0-1"]
[WhiteElo "2155"]
[BlackElo "2385"]
[PlyCount "82"]
[EventDate "2013.??.??"]

1. e4 c5 2. Nf3 d6 3. d4 cxd4 4. Nxd4 Nf6 5. Nc3 a6 6. h3 e6 7. g4 b5 8. Bg2
Bb7 9. a3 Nfd7 10. O-O g5 11. Be3 Ne5 12. b3 Nbd7 13. Qd2 Be7 14. Nce2 h5 15.
gxh5 g4 16. Ng3 Nf6 17. hxg4 Nexg4 18. a4 Nxe3 19. Qxe3 b4 20. Bf3 Qa5 21. Rad1
Rc8 22. Kg2 Qe5 23. Rfe1 Bf8 24. Nde2 Rc5 25. Qd4 Qxd4 26. Nxd4 Nd7 27. Be2 Bh6
28. Bd3 Nf6 29. Rh1 Rg8 30. Rh4 Bg5 31. Rh3 Bf4 32. Kf3 Bh6 33. Rdh1 Re5 34.
Re1 d5 35. Rh4 dxe4+ 36. Nxe4 Kf8 37. Ne2 Nxe4 38. Bxe4 Rxe4 39. Rxe4 f5 40.
Ng3 fxe4+ 41. Nxe4 Rg5 0-1

[Event "Ceske sachove vanoce 2013"]
[Site "Litomysl"]
[Date "2013.12.27"]
[Round "2.6"]
[White "Mueller, Fabian"]
[Black "Dowgird, Filip"]
[Result "0-1"]
[WhiteElo "2356"]
[BlackElo "2154"]
[PlyCount "136"]
[EventDate "2013.??.??"]

1. d4 Nf6 2. c4 Nc6 3. Nf3 e6 4. a3 d6 5. Nc3 g6 6. d5 Ne7 7. e4 Bg7 8. Be2 O-O
9. O-O exd5 10. cxd5 c6 11. dxc6 bxc6 12. Be3 d5 13. exd5 Nexd5 14. Nxd5 Nxd5
15. Bd4 Nf4 16. Bxg7 Kxg7 17. Bc4 Bg4 18. Qxd8 Raxd8 19. Ne5 Be2 20. Rfe1 Bxc4
21. Nxc4 c5 22. Rad1 Rfe8 23. Kf1 Rxe1+ 24. Rxe1 Rd4 25. Rc1 Kf6 26. g3 Ne6 27.
h4 h6 28. Rc3 g5 29. Rf3+ Kg7 30. Ne3 Rd2 31. Nf5+ Kg6 32. Ne7+ Kg7 33. h5 g4
34. Rc3 Kf6 35. Ng8+ Kg5 36. f4+ gxf3 37. Rxf3 f5 38. b4 c4 39. Rc3 Ng7 40.
Rxc4 Nxh5 41. g4 Ng3+ 42. Ke1 Re2+ 43. Kd1 f4 44. Rc5+ Kxg4 45. Nxh6+ Kh3 46.
Nf7 Ra2 47. Ng5+ Kg4 48. Ra5 Nf5 49. Nf7 Ne3+ 50. Kc1 Rc2+ 51. Kb1 Rc7 52. Ne5+
Kg3 53. Ra6 Rg7 54. Rf6 Ng4 55. Nxg4 Rxg4 56. Kc2 f3 57. Kd2 Kf2 58. Rf7 Rd4+
59. Kc3 Re4 60. b5 Ke2 61. Rxa7 f2 62. Rf7 Re3+ 63. Kc2 Rxa3 64. b6 Re3 65. b7
Re8 66. Re7+ Rxe7 67. b8=Q f1=Q 68. Qb5+ Kf2 0-1

[Event "Ceske sachove vanoce 2013"]
[Site "Litomysl"]
[Date "2013.12.27"]
[Round "2.7"]
[White "Pekar, Vaclav"]
[Black "Mishuchkov, Nikolai M"]
[Result "1/2-1/2"]
[WhiteElo "2151"]
[BlackElo "2353"]
[PlyCount "101"]
[EventDate "2013.??.??"]

1. d4 Nf6 2. Nc3 d5 3. Bg5 Nbd7 4. Qd3 c6 5. Nf3 h6 6. Bh4 Qa5 7. e3 e6 8. Be2
Bb4 9. O-O Bxc3 10. bxc3 Ne4 11. c4 b6 12. cxd5 exd5 13. c4 Ba6 14. Qc2 O-O 15.
Rfc1 Rac8 16. Bd3 Rfe8 17. Qb3 Bxc4 18. Bxc4 dxc4 19. Rxc4 Qd5 20. Rc2 Qxb3 21.
axb3 a5 22. Rac1 c5 23. Kf1 Ra8 24. dxc5 Ndxc5 25. Nd4 Ne6 26. Nxe6 Rxe6 27.
Ke2 Rae8 28. Rc8 Rxc8 29. Rxc8+ Kh7 30. Rc4 b5 31. Rc7 Ra6 32. f3 Ng5 33. Bxg5
hxg5 34. Rxf7 a4 35. bxa4 bxa4 36. Rc7 a3 37. Rc1 a2 38. Ra1 Kg6 39. Kd2 Kf5
40. Kc2 g4 41. Kb2 Rh6 42. Rxa2 Rxh2 43. Kb3 gxf3 44. gxf3 Rh3 45. Rf2 g5 46.
Kc4 g4 47. fxg4+ Ke4 48. Rg2 Rxe3 49. g5 Kf5 50. g6 Re8 51. g7 1/2-1/2

[Event "Ceske sachove vanoce 2013"]
[Site "Litomysl"]
[Date "2013.12.27"]
[Round "2.8"]
[White "Kulhanek, Tomas"]
[Black "Herbold, Manfred"]
[Result "1-0"]
[WhiteElo "2345"]
[BlackElo "2139"]
[PlyCount "55"]
[EventDate "2013.??.??"]

1. e4 e6 2. d4 d5 3. e5 c5 4. c3 Bd7 5. Nf3 a6 6. Be3 cxd4 7. Nxd4 Nc6 8. f4
Nge7 9. Bd3 Nxd4 10. cxd4 Bb5 11. Nc3 Bxd3 12. Qxd3 Nf5 13. O-O h5 14. Bf2 Be7
15. g3 g5 16. fxg5 Bxg5 17. Rae1 Qd7 18. b3 Ke7 19. Re2 Rac8 20. Be1 Bh6 21.
Rxf5 exf5 22. e6 fxe6 23. Qxf5 Kd6 24. Qe5+ Kc6 25. Na4 Qd6 26. Qf6 Rcf8 27.
Qg6 Rfg8 28. Rc2+ 1-0

[Event "Ceske sachove vanoce 2013"]
[Site "Litomysl"]
[Date "2013.12.27"]
[Round "2.9"]
[White "Korpalski, Robert"]
[Black "Cerveny, Martin"]
[Result "0-1"]
[WhiteElo "2134"]
[BlackElo "2334"]
[PlyCount "44"]
[EventDate "2013.??.??"]

1. e4 c5 2. Nf3 d6 3. g3 Nc6 4. Bg2 g6 5. O-O Bg7 6. c3 Nf6 7. Re1 O-O 8. d4
cxd4 9. cxd4 Bg4 10. h3 Bxf3 11. Bxf3 Nd7 12. d5 Nd4 13. Bg2 Rc8 14. Nc3 Qb6
15. Be3 Qxb2 16. Na4 Ne2+ 17. Kh2 Qxa1 18. Qxe2 Rc2 19. Qxc2 Qxe1 20. Qc7 Ne5
21. Bxa7 b5 22. Nb6 Qxf2 0-1

[Event "Ceske sachove vanoce 2013"]
[Site "Litomysl"]
[Date "2013.12.28"]
[Round "3.1"]
[White "Kislinsky, Alexey"]
[Black "Sabol, Marian"]
[Result "1-0"]
[WhiteElo "2504"]
[BlackElo "2308"]
[PlyCount "71"]
[EventDate "2013.??.??"]

1. e4 c5 2. Nc3 d6 3. d4 cxd4 4. Qxd4 Nc6 5. Bb5 Bd7 6. Bxc6 Bxc6 7. Nge2 e6 8.
Be3 Nf6 9. O-O-O Ng4 10. Kb1 Nxe3 11. Qxe3 Be7 12. f4 O-O 13. g4 b5 14. Nd4 Qb6
15. Rhe1 Qb7 16. g5 b4 17. Nce2 Bxe4 18. Ng3 d5 19. h4 Bc5 20. h5 f5 21. gxf6
Rxf6 22. Qb3 Bxd4 23. Nxe4 Rxf4 24. Ng5 Bf6 25. Nxe6 Rc4 26. Rg1 Kh8 27. h6
gxh6 28. Qf3 Qe7 29. Qxd5 Rac8 30. Rd2 R4c6 31. Re2 Rd6 32. Qf5 Rg8 33. Rf1 Bg7
34. Rfe1 a5 35. Qxa5 Re8 36. Nf4 1-0

[Event "Ceske sachove vanoce 2013"]
[Site "Litomysl"]
[Date "2013.12.28"]
[Round "3.2"]
[White "Petenyi, Tamas"]
[Black "Kovar, Vojtech"]
[Result "1-0"]
[WhiteElo "2469"]
[BlackElo "2285"]
[PlyCount "137"]
[EventDate "2013.??.??"]

1. e4 c6 2. d4 d5 3. exd5 cxd5 4. Bd3 Nc6 5. c3 Nf6 6. h3 g6 7. Qc2 Bg7 8. Nf3
O-O 9. Bf4 b6 10. O-O Bb7 11. Nbd2 Qc8 12. Rfe1 Ba6 13. Ne5 Nxe5 14. Bxe5 Bxd3
15. Qxd3 Qf5 16. Qb5 Rfd8 17. Re2 Qd7 18. Qb3 Qc6 19. Rae1 Rac8 20. Qa3 e6 21.
Qxa7 Ra8 22. Qc7 Qxc7 23. Bxc7 Rdc8 24. Bxb6 Rxa2 25. Nb3 Nd7 26. Bc5 Nxc5 27.
Nxc5 Bf8 28. Nd3 Bd6 29. g3 h5 30. Kg2 Kg7 31. Rc2 Kf6 32. h4 Ke7 33. Rec1 Kd7
34. Kf1 Ke7 35. Ke2 Rb8 36. b4 Ra3 37. Kd2 Kd7 38. Rb2 Kc6 39. Ne1 Kb5 40. Kd3
Rba8 41. Nc2 R3a4 42. Rbb1 Be7 43. Ra1 Rxa1 44. Rxa1 Rxa1 45. Nxa1 g5 46. hxg5
Bxg5 47. Nb3 h4 48. gxh4 Bxh4 49. f3 Bf6 50. Nc5 Bg7 51. Nb7 f6 52. Nc5 e5 53.
Ne6 Bh6 54. Nc7+ Kc6 55. Ne8 Bg5 56. Ng7 exd4 57. Kxd4 Bf4 58. Nf5 Be5+ 59. Kd3
Bf4 60. c4 dxc4+ 61. Kxc4 Bh2 62. b5+ Kd7 63. Kd5 Bg1 64. Nd6 Bh2 65. Ne4 Be5
66. b6 Bb2 67. Nc5+ Kc8 68. Kc6 Be5 69. Nd7 1-0

[Event "Ceske sachove vanoce 2013"]
[Site "Litomysl"]
[Date "2013.12.28"]
[Round "3.3"]
[White "Novotny, Michal"]
[Black "Chojnacki, Krzysztof"]
[Result "1/2-1/2"]
[WhiteElo "2241"]
[BlackElo "2405"]
[PlyCount "129"]
[EventDate "2013.??.??"]

1. d4 Nf6 2. c4 g6 3. Nc3 Bg7 4. e4 d6 5. Nf3 O-O 6. Be2 e5 7. O-O Nc6 8. d5
Ne7 9. Ne1 Nd7 10. Nd3 f5 11. Bd2 Kh8 12. Rc1 c5 13. dxc6 Nxc6 14. exf5 gxf5
15. Nb5 Nc5 16. Bc3 a6 17. Nxc5 dxc5 18. Qxd8 Rxd8 19. Nc7 Rb8 20. Bh5 Nd4 21.
Rce1 Bd7 22. Nd5 Be6 23. Ba5 Rd7 24. Bc7 Rxc7 25. Nxc7 Bxc4 26. Ne8 e4 27. Nxg7
Kxg7 28. f3 Kh6 29. Rf2 Kxh5 30. fxe4 Re8 31. Re3 Rxe4 32. Rxf5+ Kg6 33. Rxe4
Kxf5 34. Re7 h5 35. Rh7 Kg5 36. Rxb7 Bxa2 37. Rc7 Ne6 38. Rc6 Bc4 39. b4 Kf6
40. bxc5 a5 41. Rc8 a4 42. Ra8 Bb3 43. Kf2 Nxc5 44. Ra5 Nd3+ 45. Ke3 Ne5 46.
Kf4 Ng6+ 47. Ke3 Ne5 48. Kf4 Nd3+ 49. Ke3 Nb4 50. Rb5 Nc2+ 51. Kf4 Bf7 52. Rf5+
Ke7 53. Rc5 Nd4 54. Ke5 Ne6 55. Rc6 Nf8 56. Ra6 Be8 57. h3 Bb5 58. Ra5 Bc6 59.
g4 hxg4 60. hxg4 Bd7 61. g5 Ng6+ 62. Kd4 Nf8 63. Kc3 Ng6 64. Kb4 Be8 65. Rxa4
1/2-1/2

[Event "Ceske sachove vanoce 2013"]
[Site "Litomysl"]
[Date "2013.12.28"]
[Round "3.4"]
[White "Golubka, Petr"]
[Black "Kiselev, Pavel"]
[Result "1-0"]
[WhiteElo "2385"]
[BlackElo "2233"]
[PlyCount "75"]
[EventDate "2013.??.??"]

1. e4 c5 2. Nf3 d6 3. d4 cxd4 4. Nxd4 Nf6 5. Nc3 a6 6. Be3 e5 7. Nf3 Be7 8. Bc4
O-O 9. O-O Nc6 10. Re1 b5 11. Bb3 Na5 12. Bg5 Nxb3 13. axb3 Bb7 14. Bxf6 Bxf6
15. Nd5 Rc8 16. c3 Be7 17. Qd3 g6 18. Rad1 Bxd5 19. Qxd5 Rc5 20. Qxc5 dxc5 21.
Rxd8 Rxd8 22. Kf1 f6 23. Ra1 Rd6 24. Ke2 Bf8 25. c4 bxc4 26. bxc4 Bh6 27. b3 f5
28. Rd1 Rb6 29. Rd8+ Kg7 30. Nxe5 fxe4 31. Rd7+ Kf6 32. Ng4+ Ke6 33. Rxh7 Bg5
34. h4 Bc1 35. Kd1 Kf5 36. f3 exf3 37. gxf3 Ba3 38. Rf7+ 1-0

[Event "Ceske sachove vanoce 2013"]
[Site "Litomysl"]
[Date "2013.12.28"]
[Round "3.5"]
[White "Varga, Klara"]
[Black "Kulhanek, Tomas"]
[Result "1/2-1/2"]
[WhiteElo "2211"]
[BlackElo "2345"]
[PlyCount "102"]
[EventDate "2013.??.??"]

1. Nf3 d6 2. d4 Bg4 3. e4 Nf6 4. Nc3 e6 5. h3 Bh5 6. g4 Bg6 7. Qe2 a6 8. h4 h5
9. g5 Nfd7 10. Bh3 Be7 11. d5 e5 12. Nh2 b5 13. a3 Nb6 14. Nf1 c6 15. Ne3 O-O
16. O-O Qe8 17. Bd2 Bd8 18. Rad1 c5 19. Nf5 Nc4 20. b3 Nxd2 21. Nxd6 Qe7 22.
Nc8 Qc7 23. d6 Qb7 24. Rxd2 Nc6 25. d7 Nd4 26. Qd3 f5 27. gxf6 Rxf6 28. f3 Bf7
29. Ne2 Be6 30. Nd6 Qxd7 31. Bxe6+ Qxe6 32. Nxd4 Rg6+ 33. Rg2 Rxg2+ 34. Kxg2
Qxd6 35. Nf5 Qxd3 36. cxd3 g6 37. Ne3 Bxh4 38. Nd5 Bg5 39. Kf2 Kf7 40. Rg1 Bh6
41. Rh1 Rc8 42. Rh3 Rc6 43. Rh1 Bf8 44. Rc1 c4 45. b4 a5 46. Rc2 axb4 47. axb4
g5 48. Kg3 c3 49. Rxc3 Rxc3 50. Nxc3 Bxb4 51. Nxb5 Bc5 1/2-1/2

[Event "Ceske sachove vanoce 2013"]
[Site "Litomysl"]
[Date "2013.12.28"]
[Round "3.6"]
[White "Cerveny, Martin"]
[Black "Balacek, Tadeas"]
[Result "1-0"]
[WhiteElo "2334"]
[BlackElo "2210"]
[PlyCount "149"]
[EventDate "2013.??.??"]

1. d4 d5 2. c4 Nc6 3. Nc3 Nf6 4. cxd5 Nxd5 5. Nf3 Bg4 6. e3 e5 7. Qb3 Bb4 8.
Bd2 Bxf3 9. gxf3 Bxc3 10. bxc3 Nb6 11. Bb5 O-O 12. Bxc6 bxc6 13. dxe5 Qe7 14.
f4 Rfd8 15. Rd1 Rd3 16. Bc1 Qd7 17. Qc2 Rxd1+ 18. Qxd1 Qe6 19. Qe2 Rd8 20. e4
Na4 21. O-O Nxc3 22. Qf3 Qg6+ 23. Kh1 Qxe4 24. Qxe4 Nxe4 25. Be3 Nc3 26. Rc1
Rd3 27. Bxa7 g6 28. a4 Nxa4 29. Rxc6 Rc3 30. Ra6 Nc5 31. Bxc5 Rxc5 32. Kg2 Kf8
33. Kg3 Rc2 34. h4 c5 35. f3 c4 36. f5 gxf5 37. Kf4 Rh2 38. Kg5 Kg7 39. Ra7 Re2
40. f4 c3 41. Rc7 c2 42. h5 h6+ 43. Kxf5 Rf2 44. Rc3 Rh2 45. Kg4 Rg2+ 46. Kh3
Rf2 47. Kg3 Rd2 48. Rc7 Re2 49. Kf3 Rh2 50. Ke3 Rh3+ 51. Ke4 Rh2 52. f5 Rh4+
53. Kd5 Rxh5 54. f6+ Kg6 55. Rxc2 Rh1 56. Rg2+ Kf5 57. Rf2+ Kg6 58. Kd6 Re1 59.
Rg2+ Kf5 60. Ke7 Kxe5 61. Rf2 h5 62. Kxf7 h4 63. Kg7 Rg1+ 64. Kh7 h3 65. f7 h2
66. Re2+ Kd5 67. Rxh2 Rf1 68. Kg7 Rg1+ 69. Kf6 Rf1+ 70. Ke7 Re1+ 71. Kd7 Rf1
72. Rh5+ Kd4 73. Ke6 Re1+ 74. Kf6 Rf1+ 75. Rf5 1-0

[Event "Ceske sachove vanoce 2013"]
[Site "Litomysl"]
[Date "2013.12.28"]
[Round "3.7"]
[White "Jasny, Stanislav"]
[Black "Dowgird, Filip"]
[Result "1/2-1/2"]
[WhiteElo "2320"]
[BlackElo "2154"]
[PlyCount "35"]
[EventDate "2013.??.??"]

1. d4 Nf6 2. c4 Nc6 3. Nf3 e6 4. Nc3 Bb4 5. Qc2 d6 6. a3 Bxc3+ 7. Qxc3 a5 8. b3
O-O 9. Bb2 Re8 10. e3 e5 11. dxe5 dxe5 12. Rd1 Qe7 13. Be2 Bf5 14. O-O Ne4 15.
Qc1 Nc5 16. Qc3 Ne4 17. Qc1 Nc5 18. Qc3 1/2-1/2